000 00631nam a2200205 a 4500
005 20230624063735.0
008 020613s2001 mx r 000 0 spa d
020 _a8483164167
035 _aUPN01000117837
049 _aCG
050 4 _aHM134
_bE8.7
100 1 _aEspada Sánchez, José Pedro
_939598
245 1 0 _aTécnicas de grupo :
_brecursos prácticos para la educación /
_cJosé Pedro Espada Sánchez.
260 _aMadrid :
_bCCS,
_c2001.
300 _a247 p :
_bil.
440 0 _aEscuela de animación ;
_v36
650 4 _aDinámica de grupos
_96712
650 4 _aTrabajo en grupos (Educación)
_94098
905 _aLibro
999 _c90265
_d90265